Orthopedic Infection /

This comprehensive, clinically oriented reference details the state-of-the-art approach to infections of bones and joints. Utility for all practitioners is ensured by the wide range of contributors who include infectious disease specialists, rheumatologists, orthopedic surgeons, and radiologists. Th...

Full description

Bibliographic Details
Main Author: Schlossberg, David
Corporate Author: SpringerLink (Online service)
Format: eBook
Language:English
Published: New York, NY : Springer New York, 1988.
Series:Clinical topics in infectious disease.
Subjects:
Online Access:Connect to the full text of this electronic book

MARC

Tag First Indicator Second Indicator Subfields
LEADER 00000cam a2200000Mi 4500
001 in00003570525
006 m o d
007 cr mnu---uuaaa
008 121227s1988 nyua o 000 0 eng
005 20260423141824.2
020 |a 9781461238706 (electronic bk.) 
020 |a 1461238706 (electronic bk.) 
020 |z 9781461283836 
020 |z 1461283833 
035 |a (OCoLC)852790522 
040 |a AU@  |b eng  |c AU@  |d OCLCO  |d OCLCQ  |d GW5XE  |d OCLCF  |d UtOrBLW 
049 |a TXAM 
050 4 |a RC1-1245 
072 7 |a MJ  |2 bicssc 
072 7 |a MED045000  |2 bisacsh 
082 0 4 |a 616  |2 23 
100 1 |a Schlossberg, David. 
245 1 0 |a Orthopedic Infection /  |c edited by David Schlossberg. 
264 1 |a New York, NY :  |b Springer New York,  |c 1988. 
300 |a 1 online resource (xvi, 182 pages 37 illustrations) 
336 |a text  |b txt  |2 rdacontent 
337 |a computer  |b c  |2 rdamedia 
338 |a online resource  |b cr  |2 rdacarrier 
490 1 |a Clinical Topics in Infectious Disease,  |x 1431-1445 
505 0 |a Acute Osteomyelitis -- Chronic Osteomyelitis -- Vertebral Osteomyelitis -- Experimental Osteomyelitis -- Disc Space Infection -- Acute Infectious Arthritis -- Chronic Infective Arthritis -- Infections of Bursae and Tendons -- Radiologic Diagnosis of Bone and Joint Infection -- Infection of Orthopedic Protheses -- Prophylaxis in Orthopedic Surgery -- Antibiotics in Orthopedic Infections -- Index. 
520 |a This comprehensive, clinically oriented reference details the state-of-the-art approach to infections of bones and joints. Utility for all practitioners is ensured by the wide range of contributors who include infectious disease specialists, rheumatologists, orthopedic surgeons, and radiologists. This is the definitive resource for the clinician who treats orthopedic infections. 
500 |a Electronic resource. 
650 0 |a Medicine. 
650 0 |a Internal medicine. 
650 0 |a Orthopedics. 
650 7 |a Internal medicine.  |2 fast  |0 (OCoLC)fst00976610 
650 7 |a Medicine.  |2 fast  |0 (OCoLC)fst01014893 
650 7 |a Orthopedics.  |2 fast  |0 (OCoLC)fst01048565 
655 7 |a Electronic books.  |2 local 
710 2 |a SpringerLink (Online service) 
776 1 8 |i Print version:  |z 9781461283836 
830 0 |a Clinical topics in infectious disease. 
856 4 0 |u http://proxy.library.tamu.edu/login?url=https://link.springer.com/10.1007/978-1-4612-3870-6  |z Connect to the full text of this electronic book  |t 0 
994 |a 92  |b TXA 
999 |a MARS 
999 f f |s 852d9e1b-2a58-36ca-8aad-918677574842  |i fafec2ba-76f1-3462-8adc-61f14202a122  |t 0 
952 f f |a Texas A&M University  |b College Station  |c Electronic Resources  |s www_evans  |d Available Online  |t 0  |e RC1-1245  |h Library of Congress classification 
998 f f |a RC1-1245  |t 0  |l Available Online